| 000 | 01036nam0a22002531 4500 | ||
|---|---|---|---|
| 001 | rc\2644942 | ||
| 005 | 20250529190433.0 | ||
| 035 | _a(NLR Aleph) 006952690 | ||
| 090 |
_a5263486 _c5263486 |
||
| 100 | _a20110608d1928 |||y0rusy50 ca | ||
| 101 | 0 | _arus | |
| 102 | _aRU | ||
| 105 | _aa z ||||| | ||
| 200 | 1 |
_aС развернутым знаменем _e[Рассказы] _fКомиссия РВС СССР по празднованию десятилетия РККА |
|
| 210 |
_aМосква _cизд-во "Военный вестник" _d1928 _g5-я тип. "Транспечати" НКПС |
||
| 215 |
_a48 с. _cил. _d21х14 см |
||
| 225 | 1 | _aБиблиотека Рассказы о гражданской войне | |
| 300 | _aНа обл. серия: "Библиотека Рассказы о гражданской войне" | ||
| 700 | 1 |
_aДанилин _bС.С. _gСергей Степанович |
|
| 801 | 0 |
_aRU _bNLR _gpsbo |
|
| 801 | 1 |
_aRU _bELAR _2rusmarc |
|
| 852 |
_aNLR _j40/2241 |
||
| 942 | _cBOOK | ||
| 980 | _aNB | ||